| 000 | 00756nam a22001577a 4500 | ||
|---|---|---|---|
| 003 | OSt | ||
| 005 | 20151203084237.0 | ||
| 008 | 151203b xxu||||| |||| 00| 0 eng d | ||
| 040 | _cRUA | ||
| 082 | _aFIS TOU 2008 B180 Or.1 | ||
| 100 |
_94173 _aTOUCH, DARA. |
||
| 245 | _aSeed production of silver barb (Barbodes goniotus) and indian carp (Labeo roheta) for farmers in chan trey district svay rieng province, បច្ចេកទេសផលិតកូនត្រីពូជ ត្រីឆ្ពិន និងត្រូីកាបឥណ្ឌាសំរាប់កសិករស្រុកចន្រ្ដី ខេត្តស្វាយរៀង | ||
| 260 |
_aPhnom Penh _bRUA _c2008 |
||
| 300 |
_axii; 52p. _bill. _c29cm. |
||
| 942 |
_2ddc _cFIS |
||
| 999 |
_c3888 _d3888 |
||